| 000 | 00327nam a2200121Ia 4500 | ||
|---|---|---|---|
| 008 | 220217s9999||||xx |||||||||||||| ||und|| | ||
| 082 | _a510 BHA | ||
| 100 | _aRao, Srinivasa | ||
| 245 | 0 | _aText book of mathematics | |
| 260 |
_aExelent publication _bBangalore _c2012 |
||
| 300 |
_aXVI, 1024p. _b333 |
||
| 650 | _aMATHEMATICS | ||
| 999 |
_c184340 _d184340 |
||